00406 2200157 4500001002100000005001500021035002000036245005200056100000900108250001000117300003500127260004200162082000800204084001400212020002200226INLIS00000000000006020210210103917 a0010-02210000331 aLangsung Bisa & Mahir Jago 16 TENSES /cMr.Wise1 aWise acet.1 a120hal. :bilus. ;c13 x 19 cm aTangerang Selatan :bCemerlang,c2018 a420 a420 WIS l a978-602-51766-6-1